Ładuje się......
Traditional System of Brackishwater Aquaculture of Kerala
| 1. autor: | |
|---|---|
| Kolejni autorzy: | , , |
| Format: | Printed Book |
| Wydane: |
Chennai
Central Institute of Brackishwater Aquaculture
2002
|
| LEADER | 00536nam a22001577a 4500 | ||
|---|---|---|---|
| 082 | |a 639.3 |b PIL/TR | ||
| 100 | |a Pillai,s m...etc | ||
| 245 | |a Traditional System of Brackishwater Aquaculture of Kerala | ||
| 260 | |a Chennai |b Central Institute of Brackishwater Aquaculture |c 2002 | ||
| 300 | |a 34p. | ||
| 700 | |a Krishnan,l | ||
| 700 | |a Venugopal,n | ||
| 700 | |a Sasidharan,c s | ||
| 942 | |c BK | ||
| 999 | |c 589 |d 589 | ||
| 952 | |0 0 |1 0 |4 0 |6 639_300000000000000_PIL_TR |7 0 |8 NFIC |9 581 |a KUFOS |b KUFOS |c REF |d 2016-04-08 |o 639.3 PIL/TR |p G16 |r 2016-04-08 |w 2016-04-08 |y BK | ||